000 00610nam a22002057a 4500
999 _c65255
_d65255
005 20191122171056.0
008 120411t xxu||||| |||| 00| 0 eng d
010 _aENG-105065
020 _a9788184841343
_c1380.00
035 _aEN-88598
037 _bDBAD/PUB
040 _aDPL
_bEng
100 _944715
_aBhatia, Mukesh
245 _aInternet marketing :
_cby Mukesh Bhatia
_bhistory,concept,strategies /
260 _aNew Delhi
_bRegal Publications
_c2012
270 _aF-159, Rajouri Garden,
_bNew Delhi
_e110027
300 _axiii,345p.
_c22cm(Hb)
500 _aIncludes index
942 _2ddc
_cEN
_mBHA